000 00379nam a2200157Ia 4500
003 OSt
005 20231121064750.0
008 170523s9999 xx 000 0 und d
020 _a81-85386-18-8
040 _cIIMT
100 _aINANCEVICH- DONNELLY
245 0 _aMANAGEMENT : PRINCIPLES AND FUNCTIONS
260 _bAITBS PUBLICATION DIS
260 _c2004
942 _2ddc
_c02
999 _c1220
_d1220